| 000 | 01903nam a2200253 a 4500 | ||
|---|---|---|---|
| 001 | BRCA_8900 | ||
| 005 | 20190320210442.0 | ||
| 008 | 160617s1776----sp-#######---#000-0#lat-# | ||
| 041 | _alat | ||
| 044 | _asp | ||
| 084 |
_aCO71 _b.L67 1776 |
||
| 100 | 1 |
_aLopez Muñoz, Antonio _922141 |
|
| 245 | 1 | 0 |
_aTheologia fundamentalis, seu apparatus eruditionis ad Theologiam Positivo-Scholasticam, ubi de locis theologicis tam in communiquám in particular copiosè simúl ac concisè disseritur, cum respectiva insertione earum difficultatum quae seu Historiam, seu Criticam, seu Dogmata concernentes, viam pandunt, tum pro Juvenibus in Antiquitate, Historia, Disciplina, & Doctrina Ecclesiae utilitérinstruendis; cúm pro solidé constabiliendis Regulis, queis uti debent in prae dictorum locorum versatione _bOrdinatus, & digestus _cPer P. Fr. Antonium Lopez et Muñoz; Tomus secundus. |
| 260 |
_aMatriti _bEx typographia Blasii Román _c1776 |
||
| 300 |
_a[18], 504 p. (t.2) _b21.6 x 16 cm |
||
| 500 | _aSuperiorum permissu | ||
| 500 | _aCum privilegio | ||
| 500 | _aEstado físico: presenta encuadernación en pergamino, con cintas rotas | ||
| 500 | _aCon marca de fuego: “Procedencia de la marca: Convento de Santiago de Tlatelolco, D.F.(1). Institución: Orden de Frailes Menores. Provincia del Santo Evangelio de México. Descripción: Inscrito en un rectándulo, monograma con las letras entrelazadas que conforman la palabra: TLATELOLCO. Observaciones: Carlos Krausse la cataloga como perteneciente al Colegio Imperial de la Santa Cruz, llamado también de San Buenaventura, en Santiago Tlatelolco, D.F. Ubicación de la marca en el libro: Canto superior” | ||
| 650 | 1 | 4 |
_aTeología _yObras anteriores a 1800 _922142 |
| 856 | _ahttp://www.marcasdefuego.buap.mx:8180/xmLibris/projects/firebrand/item.jsp?repository=marcas_de_fuego&key=4bce1746.xml&num=46 | ||
| 902 | _aCFM | ||
| 942 |
_2lcc _cB |
||
| 999 |
_c8551 _d8551 |
||